Thomas Stowage : The properties & Stowage of cargoes (Record no. 6447)

000 -LEADER
fixed length control field 00293nam a2200109Ia 4500
008 - FIXED-LENGTH DATA ELEMENTS--GENERAL INFORMATION
fixed length control field 201216s9999 xx 000 0 und d
100 ## - MAIN ENTRY--PERSONAL NAME
Personal name Thomas, R.E.
245 #0 - TITLE STATEMENT
Title Thomas Stowage : The properties & Stowage of cargoes
260 ## - PUBLICATION, DISTRIBUTION, ETC.
Place of publication, distribution, etc. Glasgow
Name of publisher, distributor, etc. Brown,Son &Ferguson Ltd.
300 ## - PHYSICAL DESCRIPTION
Extent 370
942 ## - ADDED ENTRY ELEMENTS (KOHA)
Koha item type Books
Holdings
Withdrawn status Lost status Damaged status Not for loan Permanent Location Date acquired Full call number Barcode Date last seen Price effective from Koha item type
        IMU Kolkata 2020-12-16 623.8881 T4541 PM01487 2020-12-16 2020-12-16 Books
Designed and Maintained by IMU-KC Library, Kolkata Campus © Copyright All Rights Reserved

webs counters

Powered by Koha